000 00699nam a2200265Ia 4500
001 19920
005 20240113235952.0
007 ta
008 060216s1998 a g b000 u 465 u
020 _a0-631-14036-0
040 _aCotton College,Assam
041 _a465
082 _a330
_bPE 41 Li
100 _aPesaran, M. Hashem .
245 0 _aThe Limits to Rotational Expectations /
_cM. Hashem Pesaran.
_hTextual Documents
250 _a1st ed. /
260 _aNew York :
_bBasilBlackwell ,
_c1998.
300 _ax,325p. :
_bill ;
_c23cm .
504 _aIndex
653 _aEconomics
653 _aG-Economics
942 _2ddc
_cBK
999 _c19902
_d19902